<?xml version="1.0" encoding="UTF-8"?>
<record
    xmlns:xsi="http://www.w3.org/2001/XMLSchema-instance"
    xsi:schemaLocation="http://www.loc.gov/MARC21/slim http://www.loc.gov/standards/marcxml/schema/MARC21slim.xsd"
    xmlns="http://www.loc.gov/MARC21/slim">

  <leader>01879agaaa2200349   4500</leader>
  <controlfield tag="001">1479</controlfield>
  <controlfield tag="003">IT-RoPAU</controlfield>
  <controlfield tag="005">20220918181245.0</controlfield>
  <controlfield tag="007">d cvaizq</controlfield>
  <controlfield tag="008">50131s9999||||xx ||| |     ||   ||und||</controlfield>
  <datafield tag="040" ind1=" " ind2=" ">
    <subfield code="a">IT-RoPAU</subfield>
    <subfield code="c">IT-RoPAU</subfield>
  </datafield>
  <datafield tag="041" ind1=" " ind2=" ">
    <subfield code="a">ITALIANO</subfield>
  </datafield>
  <datafield tag="100" ind1=" " ind2=" ">
    <subfield code="a">Bunuel Luis</subfield>
    <subfield code="g">Codice regista SPICS: 8694</subfield>
    <subfield code="9">36748</subfield>
  </datafield>
  <datafield tag="130" ind1=" " ind2=" ">
    <subfield code="a">FIGLI DELLA VIOLENZA (I)</subfield>
    <subfield code="9">46795</subfield>
  </datafield>
  <datafield tag="240" ind1=" " ind2=" ">
    <subfield code="a">OLVIDADOS (LOS)</subfield>
    <subfield code="g">T1226</subfield>
  </datafield>
  <datafield tag="245" ind1=" " ind2=" ">
    <subfield code="a">FIGLI DELLA VIOLENZA (I)</subfield>
    <subfield code="c">Prodotto da: Lombroso Henry -- Sceneggiatura: Carles Jose' B. -- Diretto da: Bunuel Luis</subfield>
    <subfield code="p">FIGLI DELLA VIOLENZA (I) (Rif. Codice opera principale : 21479)</subfield>
  </datafield>
  <datafield tag="246" ind1=" " ind2=" ">
    <subfield code="a">OLVIDADOS (LOS)</subfield>
  </datafield>
  <datafield tag="250" ind1=" " ind2=" ">
    <subfield code="a">Edizione Standard</subfield>
  </datafield>
  <datafield tag="260" ind1=" " ind2=" ">
    <subfield code="a">MESSICO (MESSICO)</subfield>
    <subfield code="b">ULTRAMAR FILM / Distribuzione: RAI</subfield>
    <subfield code="g">"1950 (1&#xB0; ed.: 2001 ; Ed. Lingua Orig.: 1950)"</subfield>
  </datafield>
  <datafield tag="300" ind1=" " ind2=" ">
    <subfield code="a">VHS</subfield>
    <subfield code="b">sonoro, b&amp;w</subfield>
    <subfield code="c">90 minuti</subfield>
  </datafield>
  <datafield tag="508" ind1=" " ind2=" ">
    <subfield code="a">"Fotografia: Figueroa Gabriel; Montaggio: Claridge W.W.; Musica: Pittaluga Gustavo; Sceneggiatura: Carles Jose' B.; Scenografia: Fitzgerald Edward; Soggetto: Bunuel Luis -- Alcariza L."</subfield>
  </datafield>
  <datafield tag="511" ind1=" " ind2=" ">
    <subfield code="a">"Inda Estela; Inclan Miguel; Mejia Alfonso; Cobo Roberto; Fuentes Alma; Delia"</subfield>
  </datafield>
  <datafield tag="520" ind1=" " ind2=" ">
    <subfield code="a">FILM IN BIANCO E NERO PRESENTATO AL FESTIVAL DI CANNES NEL 1951 DOVE OTTENNE IL PREMIO PER LA MIGLIOR REGIA QUESTO FILM-E'-BASATO-SU-FATTI-REALMENTE-ACCADUTI IGNORANZA MISERIA RIFORMATORIO ADOLESCENTI-CHE-SI-RENDONO-RESPONSABILI-DI-FURTI-UCCISIONI-E-CRIMINI-COMUNI</subfield>
  </datafield>
  <datafield tag="538" ind1=" " ind2=" ">
    <subfield code="a">PAL, STEREO</subfield>
  </datafield>
  <datafield tag="546" ind1=" " ind2=" ">
    <subfield code="a">ITALIANO</subfield>
  </datafield>
  <datafield tag="650" ind1=" " ind2=" ">
    <subfield code="a">DRAMMA SOCIALE</subfield>
    <subfield code="e">FILMS [VHS]</subfield>
    <subfield code="x">Codice MATERIA SPICS: 9960</subfield>
    <subfield code="9">36988</subfield>
  </datafield>
  <datafield tag="700" ind1=" " ind2=" ">
    <subfield code="a">Alcariza L. </subfield>
    <subfield code="e">(soggetto)</subfield>
    <subfield code="g">Codice Soggetto 2&#xB0; SPICS: 28821</subfield>
    <subfield code="9">46796</subfield>
  </datafield>
  <datafield tag="700" ind1=" " ind2=" ">
    <subfield code="a">Bunuel Luis </subfield>
    <subfield code="e">(regista)</subfield>
    <subfield code="g">Codice regista SPICS: 8694</subfield>
    <subfield code="9">36748</subfield>
  </datafield>
  <datafield tag="700" ind1=" " ind2=" ">
    <subfield code="a">Bunuel Luis </subfield>
    <subfield code="e">(soggetto)</subfield>
    <subfield code="g">Codice Soggetto SPICS: 8694</subfield>
    <subfield code="9">46797</subfield>
  </datafield>
  <datafield tag="700" ind1=" " ind2=" ">
    <subfield code="a">Pittaluga Gustavo</subfield>
    <subfield code="e">(musica)</subfield>
    <subfield code="g">Codice Musica SPICS: 28823</subfield>
    <subfield code="9">46798</subfield>
  </datafield>
  <datafield tag="942" ind1=" " ind2=" ">
    <subfield code="c">VH</subfield>
    <subfield code="2">ddc</subfield>
  </datafield>
  <datafield tag="999" ind1=" " ind2=" ">
    <subfield code="c">106420</subfield>
    <subfield code="d">106420</subfield>
  </datafield>
  <datafield tag="952" ind1=" " ind2=" ">
    <subfield code="0">0</subfield>
    <subfield code="1">0</subfield>
    <subfield code="4">0</subfield>
    <subfield code="6">21479_000000000000000</subfield>
    <subfield code="7">1</subfield>
    <subfield code="a">SPICS</subfield>
    <subfield code="b">SPICS</subfield>
    <subfield code="d">2015-01-31</subfield>
    <subfield code="l">0</subfield>
    <subfield code="o">21479</subfield>
    <subfield code="r">2015-01-31 00:00:00</subfield>
    <subfield code="w">2015-01-31</subfield>
    <subfield code="y">VH</subfield>
    <subfield code="z">Progr. Ins.: 1275 / N.Vol.:1 / Copie: 2 / Pag.:0 / Copia rara: n.d. / date import: 1.2.2015 / By Epidotti, Trombetti, Vaglietti</subfield>
  </datafield>
</record>
